000 00609nam a22002297a 4500
003 UA-OsUOA
001 88065
007 ta
008 20120927b un ||||| |||| 00| 0 ukr d
100 _aВакалюк-Дорошенко М. І.
090 _a821.161.2
_bВ14
942 _cBK
040 _aUA-OsUOA
_bukr
_cUA-OsUOA
_dUA-OsUOA
245 _aПорив
_bповість
300 _a262 с.
955 _a3
041 _aukr
080 _a821.161.2
260 _aЛьвів
_bКаменяр
_c1984
650 7 _a82 Література. Літературознавство
_2UDC
999 _c374242
_d374242